|
|
|
|
| LEADER |
01099nam a2200289 a 4500 |
| 001 |
c000001654 |
| 003 |
CARM |
| 005 |
00000000000000.0 |
| 008 |
s1982 enk b 10100 eng c |
| 019 |
1 |
|
|a 2600119
|5 LACONCORD2021
|
| 020 |
|
|
|a 0333323041
|
| 035 |
|
|
|a (OCoLC)9161327
|5 LACONCORD2021
|
| 050 |
1 |
4 |
|a JX1974.73
|b .N825x 1982b
|
| 082 |
0 |
4 |
|a 358/.39
|2 18
|
| 082 |
0 |
4 |
|a 355.8/25119
|2 19
|
| 245 |
0 |
0 |
|a Nuclear proliferation in the 1980s :
|b perspectives and proposals /
|c edited by William H. Kincade and Christoph Bertram.
|
| 260 |
|
|
|a London :
|b Macmillan Press,
|c 1982.
|
| 300 |
|
|
|a xiv, 272 p. ;
|c 23 cm.
|
| 500 |
|
|
|a Includes index.
|
| 504 |
|
|
|a Bibliography: p. [259]-266.
|
| 650 |
|
0 |
|a Nuclear nonproliferation
|x Congresses.
|
| 650 |
|
0 |
|a Nuclear disarmament
|x Congresses.
|
| 700 |
1 |
|
|a Kincade, William H.
|
| 700 |
1 |
|
|a Bertram, Christoph,
|d 1937-
|
| 852 |
8 |
|
|b CARM
|h A2:AE33B0
|i B00126
|p 0006973
|f BK
|
| 999 |
f |
f |
|i e6416030-b373-5fb6-a0f9-cb5ad1c7edd5
|s 8fe0f57b-c790-5d82-9631-3ebb372edf91
|
| 952 |
f |
f |
|p Can circulate
|a CAVAL
|b CAVAL
|c CAVAL
|d CARM 1 Store
|e B00126
|f A2:AE33B0
|h Other scheme
|i book
|m 0006973
|